| 000 | 00448nam a22001457a 4500 | ||
|---|---|---|---|
| 005 | 20170828151235.0 | ||
| 020 |
_a8177080148 _c470.00 |
||
| 035 | _aB-058992 | ||
| 037 |
_aDPL _bENG |
||
| 100 | _aMathur, Vibha | ||
| 245 |
_aTrade liberalisation and foreign investment in India : _b1991-2001 / _cby Vibha Mathur |
||
| 260 |
_aDelhi _bNew Century Publications _c2001 |
||
| 300 |
_axi, 243p. _c20 cms. |
||
| 942 |
_2ddc _cEN _h332.673 _mMAT |
||
| 999 |
_c66383 _d66383 |
||